[Event "zonal 3.4"]
[Site "Bishkek KGZ"]
[Date "1993.??.??"]
[Round "?"]
[White "Nenashev, Alexander"]
[Black "Kakageldiev, Amanmurad"]
[Result "0-1"]
[WhiteElo "2565"]
[BlackElo "2415"]
[EventDate "1993.??.??"]
[PlyCount "90"]

1.d4 d6 2.c4 g6 3.Nc3 Bg7 4.e4 Nf6 5.f3 O-O 6.Be3 a6 7.Nge2 Nc6 8.Qd2 Rb8 
9.a3 Bd7 10.b4 h5 11.h3 Re8 12.d5 Ne5 13.Nd4 e6 14.Be2 exd5 15.cxd5 b5 16.
O-O Qe7 17.Rae1 c5 18.bxc5 dxc5 19.Nb3 b4 20.axb4 cxb4 21.Na2 Ba4 22.Nc5 
Bb5 23.Nxb4 Bxe2 24.Rxe2 Nc4 25.Nc6 Qd6 26.Qc1 Nxe3 27.Rxe3 Rb5 28.Rc3 
Nxd5 29.exd5 Bxc3 30.Ne4 Rxe4 31.fxe4 Bg7 32.Qg5 Kh7 33.Qe3 f5 34.Rd1 fxe4
35.Qxe4 Rc5 36.Qf3 a5 37.Rd3 a4 38.g4 a3 39.Rxa3 Rxd5 40.Ra6 Rd1+ 41.Kf2 
Qc5+ 42.Kg3 Qg1+ 43.Kh4 Qe1+ 44.Kg5 Bh6+ 45.Kf6 Rd6+ 0-1

[Event "zonal 3.4"]
[Site "Bishkek KGZ"]
[Date "1993.??.??"]
[Round "?"]
[White "Nenashev, Alexander"]
[Black "Kantsler, Boris"]
[Result "1-0"]
[WhiteElo "2565"]
[BlackElo "2445"]
[EventDate "1993.??.??"]
[PlyCount "125"]

1.d4 d6 2.Nf3 g6 3.c4 Bg7 4.Nc3 Nf6 5.e4 O-O 6.Be2 e5 7.d5 a5 8.Bg5 h6 9.
Bh4 Na6 10.Nd2 Qe8 11.O-O Nh7 12.a3 Bd7 13.Nb5 h5 14.f3 Bh6 15.Qc2 Qb8 16.
Rab1 c6 17.Nc3 Bg5 18.Bf2 c5 19.Nb3 b6 20.Nc1 h4 21.Nd3 Nf6 22.b4 axb4 23.
axb4 Qd8 24.Rb2 Nh5 25.bxc5 bxc5 26.Ra1 Nf4 27.Nxf4 Bxf4 28.Qb1 Bc8 29.Ra3
h3 30.g3 Bg5 31.Bf1 Kg7 32.Qa1 Kg8 33.Rba2 Qb6 34.Na4 Qc7 35.Nb2 Qb6 36.
Nd3 f6 37.f4 Bh6 38.Qd1 Bg7 39.Be3 Rb8 40.Rb2 Qc7 41.Rxb8 Qxb8 42.f5 gxf5 
43.exf5 Nb4 44.Bxh3 Nxd3 45.Qxd3 Qb4 46.Rb3 Qe1+ 47.Bf1 Ba6 48.Qc2 Bc8 49.
g4 Bd7 50.Bf2 Qa5 51.Qb2 Bh6 52.Rb6 Bc1 53.Qb1 Bf4 54.Rxd6 Ba4 55.Qb6 Qd2 
56.Rxf6 Rxf6 57.Qxf6 Be3 58.Qh4 Bd4 59.Bxd4 cxd4 60.Qd8+ Kf7 61.Qc7+ Kg8 
62.Qxe5 d3 63.f6 1-0

[Event "zonal 3.4"]
[Site "Bishkek KGZ"]
[Date "1993.??.??"]
[Round "?"]
[White "Nenashev, Alexander"]
[Black "Tumurhuyag, Nyamaa"]
[Result "1-0"]
[WhiteElo "2565"]
[BlackElo "2350"]
[EventDate "1993.??.??"]
[PlyCount "51"]

1.d4 e6 2.c4 c5 3.d5 d6 4.Nc3 Be7 5.e4 e5 6.g3 f5 7.Bg2 Nf6 8.exf5 Bxf5 9.
h3 Na6 10.a3 Nc7 11.g4 Bg6 12.Nge2 a6 13.O-O b5 14.b3 Nd7 15.Ng3 O-O 16.
Nce4 Nb6 17.Qe2 Qd7 18.Bd2 a5 19.a4 bxc4 20.bxc4 Nxa4 21.Rfb1 Rfb8 22.
Rxb8+ Rxb8 23.Bxa5 Na6 24.Nf5 Be8 25.Bd2 Nb4 26.Rxa4 1-0

[Event "zonal 3.4"]
[Site "Bishkek KGZ"]
[Date "1993.??.??"]
[Round "?"]
[White "Nenashev, Alexander"]
[Black "Vakhidov, Tahir"]
[Result "1-0"]
[WhiteElo "2565"]
[BlackElo "2455"]
[EventDate "1993.??.??"]
[PlyCount "89"]

1.Nf3 Nf6 2.c4 c5 3.d4 cxd4 4.Nxd4 e6 5.g3 Bb4+ 6.Bd2 Qb6 7.Bg2 Bc5 8.e3 
Nc6 9.Nc3 Be7 10.Rc1 Qd8 11.O-O O-O 12.Qb3 Bc5 13.Rfd1 Bxd4 14.exd4 Nxd4 
15.Qa3 d6 16.Be3 Nf5 17.Bf4 Qe7 18.Bxd6 Nxd6 19.Rxd6 Rb8 20.Nb5 Ne8 21.
Qxa7 Nxd6 22.Qxb8 Qg5 23.Rd1 Nxc4 24.Na7 Nxb2 25.Rb1 Qc5 26.Rxb2 Qc1+ 27.
Bf1 Qxb2 28.Nxc8 Qa3 29.Qxb7 Qxa2 30.Ne7+ Kh8 31.Qb4 Qa8 32.Bd3 Qb8 33.Qh4
h6 34.Qe4 g6 35.Nxg6+ fxg6 36.Qxg6 Qc7 37.Qxh6+ Kg8 38.Qxe6+ Qf7 39.Qg4+ 
Kh8 40.Qh4+ Kg7 41.Qd4+ Kh6 42.h4 Qf3 43.g4 Qf4 44.Qb6+ Rf6 45.Qxf6+ 1-0

[Event "zonal 3.4"]
[Site "Bishkek KGZ"]
[Date "1993.??.??"]
[Round "?"]
[White "Nenashev, Alexander"]
[Black "Yurtaev, Leonid"]
[Result "1-0"]
[WhiteElo "2565"]
[BlackElo "2540"]
[EventDate "1993.??.??"]
[PlyCount "101"]

1.d4 Nf6 2.c4 g6 3.Nc3 Bg7 4.e4 d6 5.Nf3 O-O 6.Be2 e5 7.d5 Nbd7 8.Bg5 h6 
9.Bh4 Re8 10.Nd2 Nf8 11.f3 c5 12.a3 b6 13.b4 Nxd5 14.Bxd8 Nxc3 15.Qc2 Nxe2
16.Kxe2 Ne6 17.Kf2 Rxd8 18.Rhe1 Nd4 19.Qd3 Be6 20.Nf1 b5 21.Ne3 bxc4 22.
Nxc4 cxb4 23.axb4 Rab8 24.Ne3 Rxb4 25.Reb1 Rdb8 26.Rxb4 Rxb4 27.Rb1 Ra4 
28.Qc3 h5 29.Ra1 Nb5 30.Qb2 Rxa1 31.Qxa1 Bf8 32.Qa6 Nd4 33.Qxa7 Nb3 34.Qa8
Nc5 35.g3 Nd3+ 36.Ke2 Nc1+ 37.Kd2 Nb3+ 38.Ke1 Nc5 39.Ke2 Kg7 40.Qd8 Nb7 
41.Qe8 Nc5 42.Nd5 Nd7 43.Nc7 Bc4+ 44.Kf2 Nf6 45.Qc6 Bb3 46.Qb5 Bd1 47.Qc4 
Be7 48.Nb5 d5 49.exd5 Bd8 50.Nc3 Bc2 51.Qe2 1-0

[Event "zonal 3.4"]
[Site "Bishkek KGZ"]
[Date "1993.??.??"]
[Round "?"]
[White "Ilinsky, Vladimir"]
[Black "Nenashev, Alexander"]
[Result "0-1"]
[WhiteElo "2355"]
[BlackElo "2565"]
[EventDate "1993.??.??"]
[PlyCount "108"]

1.d4 d5 2.c4 e6 3.Nf3 Nf6 4.Nc3 Be7 5.Bg5 O-O 6.e3 Nbd7 7.Bd3 dxc4 8.Bxc4 
a6 9.a4 c5 10.O-O cxd4 11.exd4 Nb6 12.Bb3 Bd7 13.a5 Nc8 14.Ne5 Bc6 15.Bxf6
Bxf6 16.Re1 Ne7 17.Nxc6 bxc6 18.Ra4 Nf5 19.Ne2 Qd7 20.Bc2 Rab8 21.Qd3 Rxb2
22.g4 Rxc2 23.Qxc2 Nxd4 24.Nxd4 Bxd4 25.Ra3 c5 26.Qe4 c4 27.Kg2 e5 28.Rb1 
c3 29.Ra2 Qe6 30.Rc2 h5 31.h3 hxg4 32.hxg4 g6 33.Rb7 Kg7 34.Kg3 Rh8 35.Kg2
Rh4 36.f3 Rh8 37.Rc7 Qf6 38.Kf1 Rh1+ 39.Ke2 Qd6 40.Qc6 Qd8 41.Rd7 Qg5 42.
Kd3 Rd1+ 43.Kc4 Rd2 44.Rc1 Rh2 45.Re1 Qf4 46.Qe4 Qg5 47.Rxd4 exd4 48.Qxd4+
Kh7 49.Qxc3 Qf4+ 50.Re4 Qc7+ 51.Kd4 Qd6+ 52.Ke3 f5 53.gxf5 gxf5 54.Rd4 
Qe5+ 0-1

[Event "zonal 3.4"]
[Site "Bishkek KGZ"]
[Date "1993.??.??"]
[Round "?"]
[White "Ilinsky, Vladimir"]
[Black "Kantsler, Boris"]
[Result "0-1"]
[WhiteElo "2355"]
[BlackElo "2445"]
[EventDate "1993.??.??"]
[PlyCount "112"]

1.d4 Nf6 2.Nf3 g6 3.c4 Bg7 4.Nc3 d6 5.e4 O-O 6.Be2 e5 7.d5 a5 8.O-O Na6 9.
Re1 Nh5 10.g3 f5 11.exf5 Bxf5 12.Ng5 Nf6 13.Bd3 Bd7 14.Nce4 h6 15.Ne6 Bxe6
16.dxe6 Qe7 17.Bd2 Nxe4 18.Bxe4 Nc5 19.Bxg6 Qxe6 20.Qc2 Rf6 21.Bh7+ Kh8 
22.Be3 Nd7 23.Be4 Rb8 24.a3 Rff8 25.Rad1 Nf6 26.Bf5 Qf7 27.g4 Ng8 28.Bg6 
Qf3 29.Qe4 Qf6 30.b4 axb4 31.axb4 Qh4 32.Qg2 Nf6 33.Bf5 b5 34.c5 d5 35.Bc1
Rbe8 36.Rd3 Ng8 37.Rxd5 Ne7 38.Bd7 Nxd5 39.Bxe8 Rxe8 40.Qxd5 Qxg4+ 41.Kh1 
Qxb4 42.Bd2 Qg4 43.Bc3 Qf5 44.f3 Kh7 45.Ba5 c6 46.Qxc6 e4 47.Re3 Re6 48.
Qxb5 exf3 49.Qd3 Qxd3 50.Rxd3 Ra6 51.Ra3 Bb2 52.Ra4 Bc3 53.c6 Bxa5 54.h3 
Rxc6 55.Rxa5 Rc1+ 56.Kh2 f2 0-1

[Event "zonal 3.4"]
[Site "Bishkek KGZ"]
[Date "1993.??.??"]
[Round "?"]
[White "Ilinsky, Vladimir"]
[Black "Tumurhuyag, Nyamaa"]
[Result "0-1"]
[WhiteElo "2355"]
[BlackElo "2350"]
[EventDate "1993.??.??"]
[PlyCount "104"]

1.Nf3 c5 2.c4 Nc6 3.Nc3 e5 4.g3 d6 5.Bg2 Be6 6.d3 Qd7 7.a3 Bh3 8.Bxh3 Qxh3
9.b4 Be7 10.Qa4 Nf6 11.Nd5 O-O 12.Nxe7+ Nxe7 13.bxc5 dxc5 14.Nxe5 Qg2 15.
Rf1 Nc6 16.Nxc6 bxc6 17.h3 Qxh3 18.Qxc6 Rac8 19.Qf3 Qd7 20.Bb2 Rc6 21.Rh1 
Ng4 22.Bc3 Rb6 23.Kd2 Nf6 24.Rhb1 Re6 25.Rb7 Qa4 26.Kc1 h6 27.Rb2 Rd8 28.
Rc2 Qd7 29.a4 Rde8 30.Bb2 Nh7 31.e4 Rxe4 32.Qxe4 Rxe4 33.dxe4 Qh3 34.Ra3 
Qh1+ 35.Kd2 Ng5 36.Re3 Nxe4+ 37.Ke2 Nxf2 38.Rd2 Ne4 39.Rd8+ Kh7 40.Rb3 
Qg2+ 41.Kd1 Qf3+ 42.Kc2 Qe2+ 43.Kb1 Nd2+ 44.Ka2 Nxb3 45.Kxb3 Qf3+ 46.Bc3 
Qxg3 47.Rd7 Kg6 48.a5 Qb8+ 49.Ka3 h5 50.Rd3 h4 51.Rf3 Qh2 52.Ka4 Qg2 0-1

[Event "zonal 3.4"]
[Site "Bishkek KGZ"]
[Date "1993.??.??"]
[Round "?"]
[White "Ilinsky, Vladimir"]
[Black "Vakhidov, Tahir"]
[Result "1/2-1/2"]
[WhiteElo "2355"]
[BlackElo "2455"]
[EventDate "1993.??.??"]
[PlyCount "69"]

1.d4 Nf6 2.c4 g6 3.Nc3 d5 4.Nf3 Bg7 5.e3 O-O 6.cxd5 Nxd5 7.Bc4 Nxc3 8.bxc3
c5 9.O-O Nc6 10.Ba3 Na5 11.Bd3 b6 12.Qe2 Qc7 13.Nd2 Rd8 14.Ne4 Bb7 15.f3 
Qd7 16.Rfd1 h6 17.dxc5 Qe6 18.Bb4 Bd5 19.Nf2 Nc6 20.Ba3 Ne5 21.cxb6 axb6 
22.Bb2 Nc4 23.e4 Nxb2 24.Qxb2 Bxa2 25.Rd2 Bb3 26.Rxa8 Rxa8 27.Bc2 Bc4 28.
Bd3 b5 29.f4 Qf6 30.Bxc4 bxc4 31.g3 Qxc3 32.Qxc3 Bxc3 33.Rc2 Be1 34.Rxc4 
Ra1 35.Rc2 1/2-1/2

[Event "zonal 3.4"]
[Site "Bishkek KGZ"]
[Date "1993.??.??"]
[Round "?"]
[White "Ilinsky, Vladimir"]
[Black "Yurtaev, Leonid"]
[Result "0-1"]
[WhiteElo "2355"]
[BlackElo "2540"]
[EventDate "1993.??.??"]
[PlyCount "102"]

1.d4 Nf6 2.c4 c5 3.d5 g6 4.Nc3 Bg7 5.e4 d6 6.Nf3 O-O 7.Bd3 e6 8.h3 exd5 9.
exd5 Re8+ 10.Be3 a6 11.a4 Nbd7 12.O-O Ne5 13.Nxe5 Rxe5 14.Bf4 Re8 15.Qd2 
Nh5 16.Bg5 f6 17.Be3 f5 18.Bg5 Qa5 19.Qc2 Bd7 20.Ne2 Qc7 21.a5 b5 22.axb6 
Qxb6 23.Ra2 a5 24.Rfa1 Rab8 25.Bd2 Qb3 26.Nc3 Qxc2 27.Bxc2 Bd4 28.Kf1 f4 
29.Bd3 f3 30.Nb5 fxg2+ 31.Kxg2 Be5 32.Rxa5 Rf8 33.Bh6 Nf4+ 34.Bxf4 Rxf4 
35.Ra8 Rxa8 36.Rxa8+ Kg7 37.Ra7 Rf7 38.Ra6 Rf6 39.Ra7 Rf7 40.Ra6 h5 41.Be4
Bxh3+ 42.Kxh3 Rxf2 43.Bg2 Rxb2 44.Ra3 g5 45.Re3 g4+ 46.Kh4 Rxg2 47.Kxh5 
Kf6 48.Re1 g3 49.Kg4 Rc2 50.Kh3 Kf5 51.Rf1+ Kg5 0-1

[Event "zonal 3.4"]
[Site "Bishkek KGZ"]
[Date "1993.??.??"]
[Round "?"]
[White "Imanaliev, Taalaibek"]
[Black "Nenashev, Alexander"]
[Result "1-0"]
[WhiteElo "2365"]
[BlackElo "2565"]
[EventDate "1993.??.??"]
[PlyCount "87"]

1.e4 c5 2.Nf3 Nc6 3.Bb5 d6 4.d4 cxd4 5.Qxd4 Bd7 6.Bxc6 Bxc6 7.Nc3 Nf6 8.
Bg5 e6 9.O-O-O Be7 10.Rhe1 O-O 11.Kb1 Re8 12.Qd2 h6 13.Bh4 Rc8 14.Nd4 a6 
15.Bg3 d5 16.e5 Nd7 17.f4 Nb6 18.b3 Bb4 19.Re3 Bd7 20.Be1 Qe7 21.Qf2 f6 
22.Nce2 Rf8 23.exf6 Rxf6 24.Bxb4 Qxb4 25.Qe1 Qxe1 26.Rxe1 Kf7 27.g3 Ke7 
28.Nf3 Kd6 29.Ned4 Rcf8 30.h4 Na8 31.Ne5 Nc7 32.a4 Rg8 33.h5 Be8 34.Ng4 
Rff8 35.Nxe6 Bxh5 36.Nxf8 Bxg4 37.Ng6 Ne6 38.Ne5 Bf5 39.Rd1 Rc8 40.Nc4+ 
Kc5 41.Re5 Be4 42.Rxe6 Bf3 43.Nd6 Rc7 44.Rd3 1-0

[Event "zonal 3.4"]
[Site "Bishkek KGZ"]
[Date "1993.??.??"]
[Round "?"]
[White "Imanaliev, Taalaibek"]
[Black "Ilinsky, Vladimir"]
[Result "1/2-1/2"]
[WhiteElo "2365"]
[BlackElo "2355"]
[EventDate "1993.??.??"]
[PlyCount "104"]

1.e4 e6 2.d4 d5 3.Nd2 c5 4.exd5 exd5 5.Ngf3 Nc6 6.Bb5 cxd4 7.Nxd4 Bd7 8.
N2b3 Nf6 9.O-O Be7 10.Bf4 O-O 11.Bd3 a6 12.c3 Re8 13.Re1 Bf8 14.Rxe8 Qxe8 
15.Qf1 Nxd4 16.Nxd4 Qd8 17.Qd1 Qb6 18.Qb3 Bc5 19.Qxb6 Bxb6 20.Re1 Bxd4 21.
cxd4 Re8 22.Kf1 Re6 23.f3 Kf8 24.Rxe6 Bxe6 25.Ke2 g6 26.Kd2 Ke8 27.Kc3 Kd7
28.Kb4 Kc6 29.a4 Bf5 30.Bxf5 gxf5 31.Ka5 Nd7 32.b4 Nf8 33.b5+ axb5 34.
axb5+ Kd7 35.Kb6 Kc8 36.g3 Nd7+ 37.Ka5 Nf8 38.Be5 Nd7 39.Kb4 b6 40.Kc3 Nf8
41.Kd3 Kd7 42.Ke3 Ne6 43.h4 f6 44.Bxf6 f4+ 45.gxf4 Nc7 46.f5 Nxb5 47.Kf4 
Nd6 48.Ke5 b5 49.Kxd5 b4 50.Bg5 b3 51.Bc1 Nxf5 52.Kc4 Ke6 1/2-1/2

[Event "zonal 3.4"]
[Site "Bishkek KGZ"]
[Date "1993.??.??"]
[Round "?"]
[White "Imanaliev, Taalaibek"]
[Black "Safin, Shukhrat"]
[Result "1/2-1/2"]
[WhiteElo "2365"]
[BlackElo "2455"]
[EventDate "1993.??.??"]
[PlyCount "94"]

1.e4 e5 2.Nf3 Nc6 3.Nc3 Nf6 4.Bb5 Nd4 5.Nxd4 exd4 6.e5 dxc3 7.exf6 Qxf6 8.
dxc3 Bc5 9.O-O O-O 10.Bxd7 Bxd7 11.Qxd7 Rad8 12.Qg4 Qg6 13.Qxg6 fxg6 14.g3
Rxf2 15.Rxf2 Rf8 16.Bf4 g5 17.Kg2 Bxf2 18.Bxg5 Bc5 19.Rf1 Rxf1 20.Kxf1 Kf7
21.Ke2 Ke6 22.Kf3 h5 23.Ke4 c6 24.c4 a6 25.Bd2 g6 26.h3 Bd6 27.g4 hxg4 28.
hxg4 Bc5 29.a4 Bg1 30.Bc3 Bh2 31.Bd4 Bb8 32.b4 Bd6 33.b5 Bh2 34.Bg7 Bg1 
35.Bd4 Bh2 36.Kd3 Bd6 37.c5 Be5 38.bxa6 bxa6 39.Be3 Kd5 40.c4+ Ke6 41.Bf2 
Bf6 42.Ke4 Be5 43.Be1 Bc7 44.Bd2 Bh2 45.Bh6 Bg1 46.Bf8 Bf2 47.Bd6 Bg1 
1/2-1/2

[Event "zonal 3.4"]
[Site "Bishkek KGZ"]
[Date "1993.??.??"]
[Round "?"]
[White "Imanaliev, Taalaibek"]
[Black "Tumurhuyag, Nyamaa"]
[Result "1-0"]
[WhiteElo "2365"]
[BlackElo "2350"]
[EventDate "1993.??.??"]
[PlyCount "71"]

1.e4 e6 2.d4 d5 3.Nd2 Nf6 4.e5 Nfd7 5.Bd3 c5 6.c3 Nc6 7.Ndf3 f6 8.Bf4 g6 
9.h4 Be7 10.Nh3 O-O 11.g3 cxd4 12.cxd4 Qa5+ 13.Kf1 fxe5 14.dxe5 Nc5 15.Be2
Ne4 16.Kg2 Bd7 17.a3 Qb6 18.Bd3 Bc5 19.h5 Bxf2 20.hxg6 Be3 21.gxh7+ Kh8 
22.Qe2 Bd4 23.Rab1 Rf7 24.Nhg5 Nxg5 25.Bxg5 Raf8 26.Bf6+ Rxf6 27.exf6 Bxf6
28.Rbf1 Qd8 29.Nh4 Be8 30.Qxe6 Nd4 31.Qg4 Nc6 32.Rf2 Ne5 33.Qe2 d4 34.Rhf1
Kg7 35.Rxf6 Bc6+ 36.Rxc6 1-0

[Event "zonal 3.4"]
[Site "Bishkek KGZ"]
[Date "1993.??.??"]
[Round "?"]
[White "Imanaliev, Taalaibek"]
[Black "Vakhidov, Tahir"]
[Result "1/2-1/2"]
[WhiteElo "2365"]
[BlackElo "2455"]
[EventDate "1993.??.??"]
[PlyCount "21"]

1.e4 e6 2.d4 d5 3.Nd2 c5 4.exd5 Qxd5 5.dxc5 Bxc5 6.Ngf3 Nf6 7.Bc4 Qh5 8.
Nb3 Bb6 9.Qe2 Nc6 10.Bf4 O-O 11.Ne5 1/2-1/2

[Event "zonal 3.4"]
[Site "Bishkek KGZ"]
[Date "1993.??.??"]
[Round "?"]
[White "Kakageldiev, Amanmurad"]
[Black "Kantsler, Boris"]
[Result "0-1"]
[WhiteElo "2415"]
[BlackElo "2445"]
[EventDate "1993.??.??"]
[PlyCount "74"]

1.d4 d6 2.e4 g6 3.c4 Bg7 4.Nc3 Nf6 5.g3 c5 6.d5 e6 7.dxe6 Bxe6 8.Bg2 Nc6 
9.Nd5 O-O 10.Ne2 Ne5 11.Qc2 Bxd5 12.exd5 Qa5+ 13.Bd2 Qa6 14.b3 b5 15.f4 
Ned7 16.O-O bxc4 17.bxc4 Rae8 18.Qd3 Nb6 19.Rfc1 Nfxd5 20.Rab1 Nf6 21.Rb3 
d5 22.Ra3 dxc4 23.Qf3 Qb5 24.Rxa7 Ne4 25.Be1 Bd4+ 26.Kh1 Qb2 27.Bf1 Nd2 
28.Bxd2 Qxd2 29.Rb1 Re3 30.Qg2 Nc8 31.Rd7 c3 32.Nxd4 cxd4 33.Rbb7 Qxg2+ 
34.Kxg2 c2 35.Bc4 Re7 36.Rxe7 Nxe7 37.Rc7 Rc8 0-1

[Event "zonal 3.4"]
[Site "Bishkek KGZ"]
[Date "1993.??.??"]
[Round "?"]
[White "Kakageldiev, Amanmurad"]
[Black "Safin, Shukhrat"]
[Result "1-0"]
[WhiteElo "2415"]
[BlackElo "2455"]
[EventDate "1993.??.??"]
[PlyCount "79"]

1.d4 Nf6 2.c4 e5 3.dxe5 Ng4 4.Nf3 Bc5 5.e3 Nc6 6.Be2 O-O 7.Nc3 Ncxe5 8.
Nxe5 Nxe5 9.O-O Re8 10.Ne4 Bf8 11.Ng3 a5 12.b3 Ra6 13.Bb2 Rae6 14.Qc2 d6 
15.Rad1 Rh6 16.Rd4 b6 17.Rfd1 Bb7 18.Bf1 Rg6 19.Rf4 Qa8 20.Qf5 Rf6 21.Qh5 
Rh6 22.Qf5 Rf6 23.Qh5 Rh6 24.Qf5 Rf6 25.Qh5 Rxf4 26.exf4 Nf3+ 27.Kh1 Re6 
28.Rd5 Ne1 29.Qd1 c6 30.Rd2 c5 31.Rd5 Bxd5 32.cxd5 Re8 33.Bc3 Nxg2 34.Kxg2
Re6 35.Qf3 Rh6 36.Qe4 Qc8 37.f5 Qd8 38.f6 Qc8 39.fxg7 Bxg7 40.Bxg7 1-0

[Event "zonal 3.4"]
[Site "Bishkek KGZ"]
[Date "1993.??.??"]
[Round "?"]
[White "Kakageldiev, Amanmurad"]
[Black "Serper, Grigory"]
[Result "1-0"]
[WhiteElo "2415"]
[BlackElo "2590"]
[EventDate "1993.??.??"]
[PlyCount "97"]

1.d4 d5 2.c4 e6 3.Nf3 Nf6 4.Nc3 Bb4 5.cxd5 exd5 6.Bg5 Nbd7 7.e3 c5 8.Bd3 
Qa5 9.Qc2 c4 10.Bf5 O-O 11.O-O Re8 12.Nd2 g6 13.Bxd7 Nxd7 14.Rfc1 Bxc3 15.
Qxc3 Qxc3 16.Rxc3 b5 17.e4 Nb6 18.f3 Kg7 19.Rcc1 Bb7 20.e5 b4 21.b3 c3 22.
Nf1 h6 23.Bf6+ Kh7 24.a3 a5 25.axb4 axb4 26.Rxa8 Bxa8 27.Ne3 Nd7 28.Nc2 
Nxf6 29.exf6 Rb8 30.Ra1 Bc6 31.Ra7 Be8 32.h4 Rb6 33.Rc7 h5 34.Kf2 Rxf6 35.
Nxb4 Kg7 36.Rxc3 Rf4 37.Ke3 Rxh4 38.Nxd5 Rh2 39.Kf2 Rh1 40.Ne3 Rb1 41.Nc4 
Rd1 42.Ke3 Re1+ 43.Kd2 Rf1 44.d5 Rf2+ 45.Ke3 Rxg2 46.Nd6 Bd7 47.Rc7 Bh3 
48.Nxf7 Kf6 49.Kf4 1-0

[Event "zonal 3.4"]
[Site "Bishkek KGZ"]
[Date "1993.??.??"]
[Round "?"]
[White "Kakageldiev, Amanmurad"]
[Black "Yurtaev, Leonid"]
[Result "1/2-1/2"]
[WhiteElo "2415"]
[BlackElo "2540"]
[EventDate "1993.??.??"]
[PlyCount "84"]

1.d4 Nf6 2.c4 c5 3.d5 g6 4.Nc3 Bg7 5.e4 d6 6.Nf3 O-O 7.h3 e6 8.Bd3 exd5 9.
cxd5 a6 10.a4 Re8 11.O-O Nbd7 12.Re1 Nh5 13.Bf1 Ne5 14.Nh2 Rb8 15.g4 Nf6 
16.f4 Ned7 17.Nf3 b5 18.axb5 axb5 19.e5 b4 20.Nb5 dxe5 21.fxe5 Nxg4 22.e6 
Nge5 23.Nd6 Re7 24.Nxc8 Rxc8 25.exd7 Qxd7 26.Bf4 Nxf3+ 27.Qxf3 Bxb2 28.d6 
Ree8 29.Rxe8+ Rxe8 30.Ra8 Rxa8 31.Qxa8+ Kg7 32.Qd5 Bd4+ 33.Kh2 b3 34.Be5+ 
Bxe5+ 35.Qxe5+ f6 36.Qxc5 b2 37.Bd3 Qa4 38.Qc7+ Kh6 39.d7 Qd4 40.d8=Q Qf2+
41.Kh1 b1=Q+ 42.Bxb1 Qf1+ 1/2-1/2

[Event "zonal 3.4"]
[Site "Bishkek KGZ"]
[Date "1993.??.??"]
[Round "?"]
[White "Kantsler, Boris"]
[Black "Nesterov, Jakov"]
[Result "0-1"]
[WhiteElo "2445"]
[BlackElo "2445"]
[EventDate "1993.??.??"]
[PlyCount "126"]

1.d4 Nf6 2.c4 c5 3.d5 b5 4.cxb5 a6 5.b6 Qxb6 6.Nc3 g6 7.e4 d6 8.a4 Bg7 9.
a5 Qb4 10.Ra4 Qb7 11.Bc4 O-O 12.Nge2 Ne8 13.Qd3 Bd7 14.Ra3 Nc7 15.Rb3 Bb5 
16.Bxb5 axb5 17.Nxb5 Nxb5 18.Qxb5 Qc7 19.Bd2 Nd7 20.O-O c4 21.Rb4 Rfc8 22.
Rc1 Ne5 23.Qb6 Qd7 24.Rc2 Qg4 25.Qe3 Rxa5 26.h3 Ra1+ 27.Bc1 Qh4 28.Nf4 Bh6
29.g3 Qxh3 30.Nxh3 Bxe3 31.fxe3 Nd3 32.Rbxc4 Rxc4 33.Rxc4 Nxc1 34.Nf2 Nd3+
35.Kg2 Nxb2 36.Rc7 Kf8 37.Rc8+ Kg7 38.Rc7 Kf8 39.Rc8+ Kg7 40.Rc7 h5 41.
Rxe7 Nc4 42.Rc7 Nxe3+ 43.Kf3 Ra3 44.Ke2 Kf6 45.e5+ dxe5 46.d6 Nf5 47.Ne4+ 
Ke6 48.d7 Ke7 49.Kf2 Ra2+ 50.Kg1 Kd8 51.Rb7 Ra8 52.Kf2 Ke7 53.d8=Q+ Kxd8 
54.Rxf7 Ra2+ 55.Kf3 Ra3+ 56.Kf2 Ra2+ 57.Kf3 Ra3+ 58.Kf2 Ra4 59.Nc5 Ra2+ 
60.Kf3 Ra3+ 61.Kf2 Rc3 62.Ne4 Rc4 63.Kf3 Rxe4 0-1

[Event "zonal 3.4"]
[Site "Bishkek KGZ"]
[Date "1993.??.??"]
[Round "?"]
[White "Kantsler, Boris"]
[Black "Yurtaev, Leonid"]
[Result "0-1"]
[WhiteElo "2445"]
[BlackElo "2540"]
[EventDate "1993.??.??"]
[PlyCount "78"]

1.d4 Nf6 2.c4 g6 3.Nc3 Bg7 4.e4 d6 5.Nf3 O-O 6.Be2 e5 7.Be3 Nbd7 8.O-O Re8
9.d5 Ng4 10.Bg5 f6 11.Bh4 h5 12.Nd2 Nf8 13.b4 a5 14.bxa5 Rxa5 15.Nb3 Ra8 
16.c5 Nh6 17.Nb5 dxc5 18.Nxc5 b6 19.Nb3 g5 20.Bxh5 Bd7 21.Bxe8 Bxe8 22.a4 
gxh4 23.Qc2 h3 24.g3 f5 25.Nxc7 Rc8 26.Rfc1 Nf7 27.Qc3 fxe4 28.a5 bxa5 29.
Qxa5 Bh6 30.Rc3 e3 31.fxe3 Rxc7 32.Qxc7 Qxd5 33.Ra2 Qd1+ 34.Kf2 Bb5 35.Rc4
Nd6 36.Rg4+ Qxg4 37.Qxd6 Qf5+ 38.Ke1 Qb1+ 39.Qd1 Qe4 0-1

[Event "zonal 3.4"]
[Site "Bishkek KGZ"]
[Date "1993.??.??"]
[Round "?"]
[White "Nadyrkhanov, Sergei"]
[Black "Ilinsky, Vladimir"]
[Result "0-1"]
[WhiteElo "2450"]
[BlackElo "2355"]
[EventDate "1993.??.??"]
[PlyCount "106"]

1.e4 e6 2.d4 d5 3.exd5 exd5 4.Nf3 Bd6 5.c4 c6 6.Nc3 Ne7 7.Bd3 O-O 8.h3 Bf5
9.Bxf5 Nxf5 10.cxd5 Re8+ 11.Kf1 cxd5 12.Nxd5 Nc6 13.g4 Bf8 14.Nc3 Nfxd4 
15.Be3 Nxf3 16.Qxf3 Ne5 17.Qxb7 Nc4 18.Bf4 Qf6 19.Bg3 Bd6 20.Bxd6 Qxd6 21.
Rd1 Qg6 22.Kg2 h5 23.Rd4 Rab8 24.Qd5 Nxb2 25.Qxh5 Qc2 26.Nd5 Nc4 27.Qg5 
Re5 28.Qxe5 Nxe5 29.Kg3 Ng6 30.Re1 Kh7 31.h4 Qc5 32.Red1 Ne7 33.Nf4 Rb4 
34.Rxb4 Qxb4 35.Rd7 a5 36.h5 Qc3+ 37.Rd3 Qe5 38.Re3 Qc7 39.Kf3 Qc6+ 40.Kg3
Nd5 41.Nxd5 Qxd5 42.a3 Qd6+ 43.f4 Qd4 44.Kf3 f5 45.gxf5 Kh6 46.Re5 Qd3+ 
47.Kg4 Qxa3 48.Re6+ Kh7 49.f6 gxf6 50.Rxf6 Qe7 51.Rg6 a4 52.f5 a3 53.f6 
Qf8 0-1

[Event "zonal 3.4"]
[Site "Bishkek KGZ"]
[Date "1993.??.??"]
[Round "?"]
[White "Nadyrkhanov, Sergei"]
[Black "Imanaliev, Taalaibek"]
[Result "1-0"]
[WhiteElo "2450"]
[BlackElo "2365"]
[EventDate "1993.??.??"]
[PlyCount "63"]

1.e4 c5 2.g3 Nc6 3.Bg2 g6 4.d3 Bg7 5.f4 e6 6.Nf3 Nge7 7.O-O O-O 8.c3 d6 9.
Be3 Rb8 10.Bf2 b6 11.Na3 b5 12.e5 a6 13.Re1 h6 14.Qe2 Bb7 15.Nc2 dxe5 16.
fxe5 Qc7 17.a4 g5 18.axb5 axb5 19.Bxc5 Nxe5 20.d4 Nxf3+ 21.Bxf3 Bxf3 22.
Qxf3 Qb7 23.Qxb7 Rxb7 24.Nb4 Rc8 25.Ra6 Bf8 26.Kf2 Nf5 27.Bxf8 Kxf8 28.Re5
Rc4 29.d5 Rc5 30.Rc6 Rxc6 31.dxc6 Rb6 32.Rxf5 1-0

[Event "zonal 3.4"]
[Site "Bishkek KGZ"]
[Date "1993.??.??"]
[Round "?"]
[White "Nadyrkhanov, Sergei"]
[Black "Kakageldiev, Amanmurad"]
[Result "1/2-1/2"]
[WhiteElo "2450"]
[BlackElo "2415"]
[EventDate "1993.??.??"]
[PlyCount "57"]

1.e4 e5 2.Nf3 Nc6 3.Nc3 Nf6 4.d4 exd4 5.Nxd4 Bb4 6.Nxc6 bxc6 7.Bd3 d5 8.
exd5 cxd5 9.O-O O-O 10.Bg5 c6 11.Na4 h6 12.Bh4 Re8 13.Qf3 g5 14.Bg3 Bg4 
15.Bc7 Bxf3 16.Bxd8 Raxd8 17.gxf3 Re7 18.a3 Bd6 19.Rfe1 Rde8 20.Rxe7 Rxe7 
21.Rd1 Nh5 22.Bf1 Nf4 23.c4 Be5 24.b4 Bf6 25.Nc5 Bb2 26.a4 dxc4 27.Bxc4 
Bc3 28.b5 cxb5 29.Bxb5 1/2-1/2

[Event "zonal 3.4"]
[Site "Bishkek KGZ"]
[Date "1993.??.??"]
[Round "?"]
[White "Nadyrkhanov, Sergei"]
[Black "Nesterov, Jakov"]
[Result "0-1"]
[WhiteElo "2450"]
[BlackElo "2445"]
[EventDate "1993.??.??"]
[PlyCount "64"]

1.e4 c5 2.g3 g6 3.Bg2 Bg7 4.d3 Nc6 5.f4 d6 6.Nf3 Nf6 7.O-O O-O 8.c3 Rb8 9.
Qe2 Bg4 10.h3 Bxf3 11.Qxf3 Ne8 12.Nd2 b5 13.a3 a5 14.e5 Rc8 15.a4 b4 16.
Qe2 dxe5 17.Bxc6 Rxc6 18.fxe5 Re6 19.Nf3 Qd5 20.Bf4 h6 21.d4 cxd4 22.Nxd4 
Rb6 23.Nb5 g5 24.Rad1 Qe6 25.Bd2 b3 26.Kh2 Bxe5 27.Rde1 f6 28.c4 Ng7 29.
Bxa5 Rc6 30.Qf3 Rxc4 31.Qxb3 Rfc8 32.Bc3 Bxg3+ 0-1

[Event "zonal 3.4"]
[Site "Bishkek KGZ"]
[Date "1993.??.??"]
[Round "?"]
[White "Nadyrkhanov, Sergei"]
[Black "Serper, Grigory"]
[Result "1/2-1/2"]
[WhiteElo "2450"]
[BlackElo "2590"]
[EventDate "1993.??.??"]
[PlyCount "160"]

1.e4 c5 2.Nf3 d6 3.c3 Nf6 4.Be2 g6 5.O-O Bg7 6.e5 dxe5 7.Nxe5 O-O 8.d4 
cxd4 9.cxd4 Nc6 10.Nxc6 bxc6 11.Nc3 Rb8 12.Qa4 a5 13.Qxc6 Qxd4 14.Qc7 Qb6 
15.Qxb6 Rxb6 16.Rd1 Bf5 17.Nb5 Ne4 18.a4 Rbb8 19.f3 Nc5 20.Be3 Nb3 21.Ra3 
Bc2 22.Rd7 Rfd8 23.Rxd8+ Rxd8 24.Bc4 Nd2 25.b3 Bb1 26.Bxd2 Rxd2 27.b4 Bd4+
28.Nxd4 Rxd4 29.bxa5 Rxc4 30.a6 Rc6 31.a7 Ra6 32.Rb3 Rxa7 33.Rxb1 Rxa4 34.
Rb7 e6 35.g4 Ra2 36.h4 Kg7 37.Rb5 Kf6 38.h5 g5 39.Rb7 Rd2 40.Ra7 Rc2 41.
Rb7 Ra2 42.Rc7 h6 43.Kf1 Rb2 44.Ra7 Rc2 45.Rb7 Rd2 46.Ra7 Rh2 47.Rb7 Ra2 
48.Rc7 Rb2 49.Ra7 Rd2 50.Rb7 Rh2 51.Ra7 Rc2 52.Rb7 Ra2 53.Rc7 Ra4 54.Kf2 
Rf4 55.Ra7 Ke5 56.Ra5+ Kd6 57.Ra6+ Kd5 58.Ra5+ Kc6 59.Ra6+ Kb5 60.Rd6 Kc5 
61.Ra6 Rb4 62.Ra7 Rf4 63.Ra6 Kb4 64.Ke3 Kb5 65.Ra8 Kc5 66.Rh8 Rf6 67.Rd8 
Kc6 68.Ra8 Kd5 69.Ra5+ Kd6 70.Ra6+ Ke7 71.Ra7+ Kf8 72.Ra4 Kg8 73.Rb4 Kg7 
74.Ra4 e5 75.Ra5 Re6 76.Ke4 Kf6 77.Ra8 Rb6 78.Rh8 Rb4+ 79.Ke3 Kg7 80.Re8 
Kf6 1/2-1/2

[Event "zonal 3.4"]
[Site "Bishkek KGZ"]
[Date "1993.??.??"]
[Round "?"]
[White "Nesterov, Jakov"]
[Black "Nenashev, Alexander"]
[Result "1/2-1/2"]
[WhiteElo "2445"]
[BlackElo "2565"]
[EventDate "1993.??.??"]
[PlyCount "82"]

1.Nf3 Nf6 2.g3 d5 3.Bg2 c6 4.O-O Bg4 5.b3 Nbd7 6.Bb2 e6 7.d3 Bd6 8.c4 O-O 
9.Na3 Re8 10.Nc2 dxc4 11.bxc4 e5 12.Ne3 Bxf3 13.Bxf3 Bc5 14.Ng4 Bd4 15.Rb1
Bxb2 16.Rxb2 Nc5 17.Rd2 Nxg4 18.Bxg4 Qd4 19.e3 Qc3 20.Qc1 Qxc1 21.Rxc1 
Rad8 22.Rcd1 Rd6 23.Kf1 Kf8 24.Ke2 g6 25.Bf3 f5 26.Bg2 Kf7 27.d4 exd4 28.
Rxd4 Rxd4 29.Rxd4 Ke7 30.f4 Rd8 31.Rxd8 Kxd8 32.Bf3 h5 33.Kd2 Ke7 34.Kc3 
Kd6 35.Kd4 b6 36.e4 Nxe4 37.Bxe4 fxe4 38.h3 h4 39.g4 Ke6 40.Kxe4 a6 41.Kd4
c5+ 1/2-1/2